Dutch F1 driver - Statistics

General Stats
  • This quiz has been taken 31 times
  • The average score is 5 of 16
Answer Stats
Points Answer % Correct
2030,5 Max Verstappen
100%
17 Jos Verstappen
92%
2 Nyck de Vries
38%
4 Christijan Albers
31%
0 Robert Doornbos
31%
0 Giedo van der Garde
27%
4 Carel Godin de Beaufort
23%
0 Jan Lammers
23%
2 Gijs van Lennep
19%
0 Michael Bleekemolen
19%
0 Ben Pon
15%
0 Huub Rothengatter
12%
0 Jan Flinterman
12%
0 Boy Hayje
8%
0 Dries van der Lof
8%
0 Roelof Wunderink
8%
No matching quizzes found
Score Distribution
Percent of People with Each Score
Percentile by Number Answered
Your Score History
You have not taken this quiz